00649nam a2200241 a 4500001001300000003000900013005001700022008004100039020001000080082001800090100001500108245001800123260003000141300001200171500003500183505000800218650001800226700001500244902000800259942000700267952011800274999001500392nice12345678IN_TiNIC20260116011612.0050524s0000 teha grp 000 0 eng  ac10000a226.9505bNUR aNur, Jahan aBina-E-Hisar. aTehranbNur-I-Jahanc0000 ano page aincludes index and biblioraphy2 aIll aBible Stories1 aNur, Jahan bSRS cBK 001040708StackRoom-aHMIbHMId2007-06-20g100.00l0o226.9505 NURp02931r2007-06-20v100.00w2005-05-24yBK c2829d2829